Puchar Świata - klasyfikacja generalna za sezon 2013/14 - Statystyki

Ogólne statystyki
  • Ten quiz został rozwiązany 148 razy
  • Średni wynik to 53 z 85
Statystyki odpowiedzi
Miejsce Skoczek Narodowość Pkt % Poprawnych
1. Kamil Stoch Polska 1420
99%
2. Peter Prevc Słowenia 1312
96%
70. Cene Prevc Słowenia 19
95%
49. Dawid Kubacki Polska 87
95%
20. Piotr Żyła Polska 343
95%
5 Noriaki Kasai Japonia 1062
93%
17. Maciej Kot Polska 398
92%
10. Stefan Kraft Austria 539
92%
3. Severin Freund Niemcy 1303
89%
7. Simon Ammann Szwajcaria 733
89%
39. Roman Koudelka Czechy 123
87%
21. Daiki Ito Japonia 335
85%
6. Gregor Schlierenzauer Austria 943
85%
15. Thomas Morgenstern Austria 438
84%
31. Janne Ahonen Finlandia 176
81%
79. Stefan Hula Polska 3
81%
28. Jakub Janda Czechy 242
80%
25. Jan Ziobro Polska 312
80%
38. Klemens Murańka Polska 132
80%
11. Robert Kranjec Słowenia 493
80%
9. Andreas Wellinger Niemcy 601
79%
42. Karl Geiger Niemcy 106
79%
24. Richard Freitag Niemcy 313
79%
4. Anders Bardal Norwegia 1071
78%
12. Andreas Kofler Austria 468
78%
35. Krzysztof Biegun Polska 144
75%
64. Daniel-Andre Tande Norwegia 30
74%
14. Michael Hayboeck Austria 439
74%
22. Taku Takeuchi Japonia 333
74%
55. Mackenzie Boyd-Clowes Kanada 62
73%
32. Gregor Deschwanden Szwajcaria 173
72%
26. Jan Matura Czechy 311
72%
13. Jernej Damjan Słowenia 457
70%
29. Wolfgang Loitzl Austria 226
70%
18. Jurij Tepes Słowenia 360
69%
23. Anders Fannemel Norwegia 328
68%
46. Manuel Fettner Austria 98
68%
40. Dimitriy Vassiliev Rosja 115
66%
8. Thomas Diethart Austria 666
66%
57. Denis Kornilov Rosja 53
65%
82. Krzysztof Miętus Polska 1
65%
57. Lukas Hlava Czechy 53
65%
44. Markus Eisenbichler Czechy 99
65%
61. Robert Johansson Norwegia 43
65%
62. Davide Bresadola Włochy 36
64%
51. Anders Jacobsen Norwegia 82
63%
72. Martin Koch Austria 16
62%
34. Andreas Wank Niemcy 171
60%
27. Michael Neumayer Niemcy 281
60%
48. Tom Hilde Norwegia 92
60%
19. Anssi Koivuranta Finlandia 350
58%
41. Antonin Hajek Czechy 108
58%
50. Jaka Hvala Słowenia 84
58%
68. Vincent Descombes Sevoie Francja 21
57%
43. Andreas Stjernen Norwegia 103
56%
65. Ville Larinto Finlandia 27
56%
30. Rune Velta Norwegia 201
55%
79. Shohei Tochimoto Japonia 3
55%
59. Kaarel Nurmsalu Estonia 52
54%
53. Lauri Asikainen Finlandia 77
54%
16. Marinus Kraus Niemcy 407
53%
78. Martin Schmitt Niemcy 4
53%
76. Janne Happonen Finlandia 11
48%
32. Reruhi Shimizu Japonia 173
46%
37. Nejc Dezman Słowenia 137
45%
52. Yuta Watase Japonia 78
44%
54. Mikhail Maksimochkin Rosja 65
43%
60. Ronan Lamy Chappuis Francja 44
41%
74. Bjoern Einar Romoeren Norwegia 15
40%
44. Manuel Poppinger Austria 99
40%
56. Jarkko Maatta Finlandia 61
39%
47. Ole Marius Ingvaldsen Norwegia 96
39%
36. Tomaz Naglic Słowenia 140
39%
79. Nicolas Fairall Stany Zjednoczone 3
37%
63. Olli Muotka Finlandia 31
37%
67. Roberto Dellasega Włochy 24
37%
74. Rok Justin Słowenia 15
36%
72. Matjaz Pungertar Słowenia 16
35%
82. Pascal Kaelin Szwajcaria 1
33%
82. Daito Takahashi Japonia 1
27%
66. Danny Queck Niemcy 25
25%
68. Alexey Romashov Rosja 21
24%
70. Robert Hrgota Słowenia 19
23%
82. Simen Key Grimsrud Norwegia 1
19%
77. Sami Heiskanen Finlandia 7
18%
Nie znaleziono quizów pasujących do podanych kryteriów
Rozkład punktacji
Procent ludzi z każdym wynikiem
Percentyl według liczby udzielonych odpowiedzi
Twoja historia wyników
Nie rozwiązałeś tego quizu